Statistics for Movie Antonyms #Whatever Part 2

Click here to take the quiz!

General Stats

  • This quiz has been taken 958 times
  • The average score is 11 of 20

Answer Stats

HintAnswer% Correct
Women in WhiteMen in Black
94%
Slow and CalmFast & Furious
92%
GivenTaken
92%
Black Apartment UpWhite House Down
82%
A Bad Night to Live SoftlyA Good Day to Die Hard
81%
GroomsmenBridesmaids
81%
ThawedFrozen
81%
WeightlessnessGravity
62%
The Light Squire FallsThe Dark Knight Rises
61%
TimidBrave
60%
Good GranddaughterBad Grandpa
58%
Indians and ResidentsCowboys & Aliens
53%
Atlantic CenterPacific Rim
53%
The Lamb of Window SidewalkThe Wolf of Wall Street
46%
Partial Memory LapseTotal Recall
34%
Out of LightStar Trek Into Darkness
27%
Beginner's WorkEnder's Game
20%
Calmness of the DwarvesWrath of the Titans
9%
HadesElysium
5%
UnderstatedEpic
1%

Score Distribution

Percentile by Number Answered

Percent of People with Each Score

Your Score History

You have not taken this quiz